| 000 | 00389nam a22001457a 4500 | ||
|---|---|---|---|
| 003 | SGT | ||
| 082 |
_a617.645 _bR23T |
||
| 100 | _aTewatia, Karuna | ||
| 245 |
_aRole of Probiotic _bLactobacillus species in pediatric dentistry |
||
| 260 |
_aGurugram, Haryana _bSGT University _c2023 |
||
| 300 | _a90 | ||
| 650 | _aPediatric Dentistry | ||
| 653 | _aPediatric Dentistry | ||
| 942 |
_2ddc _cTH |
||
| 999 |
_c25616 _d25616 |
||